| 000 | 00910cam a2200229 a 4500 | ||
|---|---|---|---|
| 001 | 000005914 | ||
| 005 | 20200929151834.0 | ||
| 008 | 000906s2000 mx a b 001 0 spa | ||
| 020 | _a9701843665 | ||
| 040 |
_aDO-SdBNP _cDLC |
||
| 043 |
_an-mx--- _an-us--- |
||
| 082 |
_a972.0814 _bE77f |
||
| 100 | 1 |
_aEsparza Valdivia, Ricardo Cuauhtémoc. _916680 |
|
| 245 | 1 | 3 |
_aEl fenómeno magonista en México y en Estados Unidos, 1905-1908 / _cRicardo Cuauhtémoc Esparza Valdivia. |
| 260 |
_aZacatecas, México : _bCentro de Investigaciones Históricas. Universidad Autónoma de Zacatecas, _c2000. |
||
| 300 |
_a196 p. : _bil. ; _c22 cm. |
||
| 504 | _aIncluye referencias bibliográficas: (p. 186-196). | ||
| 651 | 4 |
_aMéxico _xHistoria _y1867-1910. _916681 |
|
| 651 | 4 |
_aMéxico _zRelaciones Con _xEstados Unidos _916682 |
|
| 651 | 4 |
_aEstados Unidos _xHistoria _y1901-1909. _916683 |
|
| 910 | _aCatalogación por copia / LC | ||
| 999 |
_c5710 _d5710 |
||